00373nam a2200121Ia 4500003000400000005001700004008004100021040001800062041000800080100004800088245007900136260003600215OSt20260130142420.0211028s2018 xx 000 0 und d cAIMIT LIBRARY aeng aShetty, Shruthi S; D Souza, Rayan.g1616191 aStudy on employee welfare activities at Adarsh lifestyle store Bangalore / aMangalorebRayan D Souza.c2018